Statistics for Do these countries border each other?

Click here to take the quiz!

General Stats

  • This quiz has been taken 76 times
  • The average score is 15 of 20

Answer Stats

QuestionAnswer% Correct
Haiti and Dominican RepublicYes
96%
Saudi Arabia and QatarYes
94%
Egypt and IsraelYes
88%
Russia and North KoreaYes
87%
Kuwait and IranNo
85%
Cameroon and Equatorial GuineaYes
82%
Nepal and BhutanNo
81%
Libya and SudanYes
79%
Uzbekistan and KyrgyzstanYes
79%
Bulgaria and UkraineNo
78%
Armenia and RussiaNo
73%
Rwanda and TanzaniaYes
73%
Croatia and AustriaNo
70%
Ghana and BeninNo
66%
South Sudan and KenyaYes
66%
Namibia and ZambiaYes
58%
Kazakhstan and TajikistanNo
57%
Guyana and FranceNo
55%
Somalia and EritreaNo
52%
Burma and LaosYes
49%

Score Distribution

Percentile by Number Answered

Percent of People with Each Score

Your Score History

You have not taken this quiz